Clics en chaîne - de Bombe à Bayrou - Statistiques

Statistiques générales
  • Ce quiz a été pris 746 fois
  • Le résultat moyen est 22 sur 30
Statistiques - réponses
Hint Réponse % Correct
Qu'est-ce qui peut qualifier à la fois un explosif, et, plus familièrement, une belle femme ? Bombe
100%
...erman (Bomberman), qui est sorti au Japon en : 1990
93%
... qui est l'année de naissance de l'actrice : Jennifer Lawrence
91%
... dont le symbole atomique est : Cd
87%
... dont on n'a pas le droit de toucher le ballon avec : Main
85%
... verte, un talent qu'on accorde aux : Jardiniers
84%
... qui porte le même prénom que celui qui a écrit l'Iliade et : Odyssée
84%
... qui a gagné la Coupe du Monde de : Football
83%
... qui lorsqu'ils possèdent une corne sont appelés : Licorne
82%
... qui est une peluche appartenant à la petite Agnès dans Moi, Moche et : Méchant
82%
... dans le monde, qui serait résolue si on donnait à tout le monde de : Argent
80%
..., mon gentil miroir, qui est la plus belle de ce royaume ? Blanche-Neige
79%
... dont le personnage de Katniss a survécu aux jeux de la : Faim
79%
... qui a été créée en 1812 par les frères : Grimm
79%
... qui est souvent consommé par : Homer Simpson
79%
... qui, avec Reed Richards, Sue Storm et Johnny Storm fait partie des : Quatre Fantastiques
79%
... melon et bottes de : Cuir
78%
... chevelu, quasiment inexistant chez les personnes chauves comme : Frank Leboeuf
78%
... qui a pour numéro dans le tableau périodique 47, le numéro 48 étant : Cadmium
76%
... qui a créé beaucoup de polémiques avec sa dernière femme dont le prénom est : Bianca
74%
... qui possède la même forme que : Donut
74%
... Castafiore, qui rit de se voir si belle en ce : Miroir
74%
... qui pour la sortie du film en 2005 ont fait une collaboration avec : Burger King
67%
... dont le saint patron est Saint : Fiacre
62%
... qui, dans Super Mario Odyssey, est un vaisseau en forme de : Chapeau
59%
... qui est une citation très connue prononcée par : François Bayrou
57%
... qui est un véhicule conduit par : Chevaux
55%
... qui est l'"homme de fer", à ne pas confondre avec l'"homme d'acier" qui est le surnom de : Staline
48%
... qui se présente sous le doux nom d'Aldrich Killian dans : Iron Man
44%
... qui est né en Géorgie, à l'instar de : Kanye West
43%
Aucun quiz correspondant
Distribution des résultats
% des personnes avec chaque résultat
Percentile par nombre de réponses
Votre historique - résultats
Vous n’avez pas pris ce quiz